Normal view
MARC view
- MACHINE LEARNING.COMPUTER ALGORTHIMS
Entry Topical Term
001 - CONTROL NUMBER
- control field: 63443
003 - CONTROL NUMBER IDENTIFIER
- control field: NUST
005 - DATE AND TIME OF LATEST TRANSACTION
- control field: 20210628203124.0
008 - FIXED-LENGTH DATA ELEMENTS
- fixed length control field: 210628|| aca||aabn | a|a d
040 ## - CATALOGING SOURCE
- Original cataloging agency: NUST
- Transcribing agency: NUST
150 ## - HEADING--TOPICAL TERM
- Topical term or geographic name entry element: MACHINE LEARNING.COMPUTER ALGORTHIMS
670 ## - SOURCE DATA FOUND
- Source citation: Work cat.: (NUST): Mitchell , Tom M 63442, Machine learning, 1997
